| 000 | 00562nam a2200169Ia 4500 | ||
|---|---|---|---|
| 005 | 20250923144556.0 | ||
| 008 | 008 250917s9999 xx 000 0 eng d | ||
| 037 | _aTextual | ||
| 040 |
_aDSWL _beng _cDSWL |
||
| 041 |
_aeng _2eng |
||
| 084 |
_aL:521:g.73N46;1, N46;2 _qDSWL |
||
| 245 | 3 |
_aAn appraisal method for measuring the quantity of housing Pt.II Survey Directors _cby Association Committee. |
|
| 260 |
_b Public Health Association _c1946 |
||
| 300 | _a246p. | ||
| 942 |
_cTEXL _hL:521:g.73N46;1, N46;2 |
||
| 999 |
_c1440707 _d1440707 |
||